000 00709nam a2200205 i 4500
001 13307
003 ES-MaACL
005 20230906150538.0
007 t|
008 980128s1997 sp ||||1| spa d
020 _a84-88973-55-1
080 _a347.277.8
100 1 _aRodríguez Herrero, Almudena.
_998575
245 1 3 _aLa hipoteca de bienes muebles registrables /
_cAlmudena Rodríguez Herrero.
260 _aMadrid :
_bColegio de Registradores de la Propiedad y Mercantiles de España,
_c[1997]
300 _a529 p. ;
_c23 cm.
650 1 4 _aHipotecas mobiliarias.
_913367
710 2 _aColegio de Registradores de la Propiedad y Mercantiles de España.
_92938
852 _aES-MaACL
_jL-20618
_bR.126393
999 _c13307
_d13307